Schreckliche Stadtschreibweisen, die von JetPunk akzeptiert werden #1 - Statistiken

Allgemein
  • Dieses Quiz wurde 83 mal gespielt
  • Das Durchschnittsergebnis liegt bei 15 aus 16
Antwortstatistiken
akzeptierte Schreibweise deutsche Großstadt % Korrekt
dortmond Dortmund
100%
dussledorf Düsseldorf
100%
frankfert Frankfurt
100%
kassle Kassel
100%
liepzeig Leipzig
100%
sarbruckin Saarbrücken
100%
diusberg Duisburg
99%
magdaberg Magdeburg
99%
nurenburg Nürnberg
97%
engolstat Ingolstadt
96%
ragansberg Regensburg
96%
hielbruun Heilbronn
93%
nuess Neuss
92%
achin Aachen
91%
meors Moers
88%
gotengan Göttingen
72%
Keine übereinstimmenden Quizze gefunden
Verteilung der Resultate
Anzahl Personen mit jedem Resultat
Perzentil nach korrekt beantworteten Fragen
Ihre Resultats-Entwicklung
Sie haben dieses Quiz noch nicht gespielt